Poroškovaja metallurgija stalej i splavov

Uložené v:
Podrobná bibliografia
Médium: Kniha
Jazyk:Russian
Vydavateľské údaje: Moskva : Metallurgija, 1978
Predmet:
Tagy: Pridať tag
Žiadne tagy, Buďte prvý, kto otaguje tento záznam!

MARC

LEADER 00000nam a22000003a 4500
001 stu40693
005 20141122045034.3
008 930524s1978----xxr-----------------rus-d
040 |a STU  |b slo 
041 0 |a rus 
044 |a xxr 
080 |a 621.762 
245 |a Poroškovaja metallurgija stalej i splavov 
260 |a Moskva :  |b Metallurgija,  |c 1978 
300 |a 263 s 
650 7 |a metalurgia prášková  |2 stusub 
996 |b 284M016317  |c M*2390-1  |l MMKN  |s A  |a 24  |w stu40693_0001